[Event "GER-chT U10"]
[Site "Magdeburg"]
[Date "2014.12.29"]
[Round "7.3"]
[White "Mueller, Stefan1111"]
[Black "Warzecha, Fabian"]
[Result "1/2-1/2"]
[WhiteElo "735"]
[BlackElo "1121"]
[PlyCount "46"]
[EventDate "2014.12.27"]
[EventType "team-swiss"]
[EventRounds "7"]
[EventCountry "GER"]
[SourceTitle "EXT 2016"]
[Source "ChessBase"]
[SourceDate "2015.10.08"]
[SourceVersion "1"]
[SourceVersionDate "2015.10.08"]
[SourceQuality "1"]
[WhiteTeam "Friedrichsfelde Borussia"]
[BlackTeam "Lambsheim"]
[WhiteTeamCountry "GER"]
[BlackTeamCountry "GER"]

1. e4 c6 2. Nf3 d5 3. exd5 cxd5 4. Bb5+ Nc6 5. d4 Bd7 6. Nc3 Nf6 7. Bg5 e6 8. 0-0 Be7 9. Re1 0-0 10. Qd3 h6 11. Bxf6 Bxf6 12. Ne2 Qc7 13. c3 Rfe8 14. g3 Rad8 15. Nf4 a6 16. Ba4 b5 17. Bc2 Rb8 18. Nh5 Qd8 19. Nh4 e5 20. f4 e4 21. Qe2 g6 22. Nxf6+ Qxf6 23. Ng2 h5 1/2-1/2

[Event "GER-chT U10"]
[Site "Magdeburg"]
[Date "2014.12.28"]
[Round "3.2"]
[White "Hetzner, Hannes"]
[Black "Warzecha, Fabian"]
[Result "1-0"]
[WhiteElo "969"]
[BlackElo "1121"]
[PlyCount "63"]
[EventDate "2014.12.27"]
[EventType "team-swiss"]
[EventRounds "7"]
[EventCountry "GER"]
[SourceTitle "EXT 2016"]
[Source "ChessBase"]
[SourceDate "2015.10.08"]
[SourceVersion "1"]
[SourceVersionDate "2015.10.08"]
[SourceQuality "1"]
[WhiteTeam "Erlangen"]
[BlackTeam "Lambsheim"]
[WhiteTeamCountry "GER"]
[BlackTeamCountry "GER"]

1. e4 c6 2. d4 d5 3. Nc3 e6 4. Nf3 Bb4 5. e5 Ne7 6. Bg5 0-0 7. a3 Bxc3+ 8. bxc3 Bd7 9. Bd3 h6 10. Bh4 Re8 11. 0-0 Qc7 12. Qb1 Bc8 13. Nd2 c5 14. Qb5 Bd7 15. Qxc5 Bc6 16. Bb5 Nf5 17. Bg3 Nxg3 18. hxg3 a6 19. Ba4 b6 20. Qb4 Bxa4 21. Qxa4 b5 22. Qb3 Nc6 23. a4 Na5 24. Qb4 Reb8 25. Rfb1 Nc4 26. Nf3 a5 27. Qb3 b4 28. cxb4 Rxb4 29. Qd3 Rab8 30. c3 Rb3 31. Rc1 Nb2 32. Qc2 1-0